00372 a2200121 4500001001000000005001700010008004100027245004800068100002100116700002300137773007300160999001700233ART_4580020260410161925.0260409a 10aWhy is capital so immobile internationally?1 aGordon, Roger H.1 aBovenberg, A. Lans0 tThe American Economic Reviewg- Vol. 86, NÂș 5 (dic. 1996)wREV16190 c28053d28053